000 00953cam a2200325 a 4500
001 119131
005 20230410130429.0
008 920309s1993 nyu 001 0 eng
035 _a614406
942 _2lcc
_cbk
010 _a 92010378
020 _a0393034267 :
_c$29.95 ($35.00 Can.)
035 _9(DLC) 92010378
040 _aDLC
_cDLC
_dDLC
041 1 _aeng
_hlatgrc
050 1 4 _aPA 3621
_bN882 1993
082 0 0 _a880.09
245 0 4 _aThe Norton book of classical literature /
_cedited by Bernard Knox.
250 _a1st ed.
260 _aNew York :
_bNorton,
_cc1993.
300 _a866 p. ;
_c24 cm.
500 _aIncludes index.
650 0 _aClassical literature
_xTranslations into English.
650 4 _aliteratura clásica
_xtraducciones al Inglés.
650 4 _a20150300
651 0 _aGreece
_xLiterary collections.
651 0 _aRome
_xLiterary collections.
700 1 _aKnox, Bernard,
_d1914-2010.
946 _aYSL
999 _c74353
_d74353